000 00700nam a2200181 a 4500
008 120416s1998 ||||||||||||||||| || u
020 _a012077030X
050 _aQL 785 Ani
100 _aPepperberg, I. M
245 1 0 _aAnimal cognition in nature: the convergence of psychology and biology in laboratory and field
_cedited by R. P. Balda
260 _aLondon
_bAcademic Press
_c1998
300 _aix, 465p. : ill.
350 _a0.00
650 _aCOGNITION IN ANIMALS
700 _aKamil, Alan
700 _aBalda, Russell P
995 _D0.00
_FCBU-MAIN LIBRARY (Kitwe)
_H1
_I35.00
_M1
_UAVAILABLE
_WMar 21, 2007
_ZMain Library Open Access Collection
999 _c34410
_d34410